Kultúrnosť a etika predaja

Saved in:
Bibliographic Details
Main Author: Prachár, Juraj
Format: Book
Language:Slovak
Published: Bratislava ERPO 1990
Edition:1. vyd.
Tags: Add Tag
No Tags, Be the first to tag this record!

MARC

LEADER 00000nam a2200000 4500
001 c034236
005 20250529125156.9
041 0 |a slo 
044 |a SK 
245 1 0 |a Kultúrnosť a etika predaja  |c Juraj Prachár 
250 |a 1. vyd. 
264 1 |a Bratislava  |b ERPO  |c 1990 
300 |a 48 s. 
100 1 |a Prachár, Juraj